000
00304nam a2200133Ia 4500
005
20251222141816.0
008
251222s9999||||xx |||||||||||||| ||spa||
020
_a
84-01-42107-1
082
_a
838.9/G77
100
_a
Grass, Gunter
245
0
_a
Años de Perro
264
_b
Plaza & Janés
942
_c
LIB
999
_c
6638
_d
6638